00824nam a2200205 i 4500001000300000245016600003260010300169300003600272504002600308650002100334700003500355700002800390015001800418020001500436040000800451041000800459080001200467008004100479856009800520bg00aSport training in interdisciplinary scientific researches /csci. ed. Janusz Szopa, Tomasz Gabryś ; Faculty of Management. Technical University of Czestochowa. aCzęstochowa :bSekcja Wydawnictwa Wydziału Zarządzania Politechniki Częstochowskiej,c2004. a348 s. :bfot., wykr. ;c24 cm. aBibliogr. przy rozdz. 9aTrening sportowy1 aSZOPA, Januszd(1948- ).eRed.1 aGABRYŚ, Tomasz.eRed. aPB 13490/2005 a8388469827 cBPK0 aeng a796.015 s pl f |000 0 pol  uhttp://koha.tu.koszalin.pl/cgi-bin/koha/opac-detail.pl?biblionumber=46880yKatalog online BPK